| 000 | 00334nam a2200133Ia 4500 | ||
|---|---|---|---|
| 008 | 210210b1965 xxu||||| |||| 00| 0 eng d | ||
| 082 | _a320.8 BAKU | ||
| 100 | _aBAKER (Benjamin). | ||
| 245 | _aUrban government. | ||
| 260 |
_aLondon _bD Van N ostrand Co., _c1965 |
||
| 300 | _axi,572 | ||
| 690 | _aModern Governments | ||
| 906 | _a028882 | ||
| 999 |
_c80114 _d80114 |
||